[Event "Scarborough CC Jack Frost U2000"]
[Site "Toronto CAN"]
[Date "2011.02.03"]
[Round "5"]
[White "Paterson, Jim"]
[Black "Xie, Peter"]
[Result "1/2-1/2"]
[WhiteElo "1868"]
[BlackElo "1631"]
[PlyCount "92"]
[GameId "2160767909829691"]
[EventDate "2011.01.06"]
[EventType "swiss"]
[EventRounds "7"]
[EventCountry "CAN"]

1. d4 Nf6 2. Nf3 g6 3. g3 Bg7 4. Bg2 O-O 5. c4 c5 6. d5 d6 7. O-O a6 8. a4 Qc7 9. Nc3 Nbd7 10. e4 Ne8 11. Re1 Ne5 12. Nxe5 Bxe5 13. Bh6 Ng7 14. Qd2 Bd7 15. Ra3 Rab8 16. Rea1 Rfe8 17. Bf3 Qc8 18. Be2 f5 19. f3 fxe4 20. fxe4 Bd4+ 21. Be3 Be5 22. Rb1 Bg4 23. Qd1 Bxe2 24. Qxe2 Nh5 25. Bf2 Nf6 26. b4 Qh3 27. bxc5 Ng4 28. Be1 Bd4+ 29. Kh1 Nxh2 30. Qg2 Qxg2+ 31. Kxg2 Ng4 32. cxd6 exd6 33. Rab3 Bxc3 34. Bxc3 Rxe4 35. Rxb7 Rxb7 36. Rxb7 Rxc4 37. Bb4 Ne3+ 38. Kf3 Nxd5 39. Bxd6 Rxa4 40. Be5 Ra3+ 41. Kg4 h5+ 42. Kg5 Rf3 43. Kxg6 Kf8 44. Bd6+ Ke8 45. Kxh5 Rf5+ 46. Kh4 Rf7 1/2-1/2

[Event "Scarborough CC Jack Frost U2000"]
[Site "Toronto CAN"]
[Date "2011.02.03"]
[Round "5"]
[White "Philip, Andrew"]
[Black "Verde, Pino"]
[Result "1-0"]
[WhiteElo "1605"]
[BlackElo "1724"]
[PlyCount "113"]
[GameId "2160767909829692"]
[EventDate "2011.01.06"]
[EventType "swiss"]
[EventRounds "7"]
[EventCountry "CAN"]

1. d4 Nf6 2. Bg5 Ne4 3. Bf4 c5 4. f3 Qa5+ 5. c3 Nf6 6. Nd2 cxd4 7. Nb3 Qf5 8. Qxd4 Nc6 9. Qd2 e5 10. Bg3 a5 11. e4 Qe6 12. Bf2 d6 13. Bb5 Bd7 14. Ne2 a4 15. Nbc1 Ra5 16. Qd3 Rxb5 17. Qxb5 Na5 18. Qd3 Nc6 19. O-O Be7 20. Rd1 h5 21. Ng3 g6 22. Nf1 h4 23. Ne3 h3 24. g3 Na7 25. Nd5 Nb5 26. c4 Nxd5 27. exd5 Qf5 28. Qxf5 gxf5 29. cxb5 Bxb5 30. Nd3 Rg8 31. Rac1 Kd7 32. Bb6 Bd8 33. Bxd8 Kxd8 34. Rc3 f4 35. g4 f5 36. Rdc1 Bd7 37. Nf2 fxg4 38. fxg4 e4 39. Nxe4 Rxg4+ 40. Kh1 Rg2 41. R1c2 Bf5 42. Rxg2 hxg2+ 43. Kxg2 Bxe4+ 44. Kf2 b5 45. a3 Kd7 46. h4 Bxd5 47. h5 Be4 48. Rh3 Ke6 49. h6 Kd5 50. h7 Bxh7 51. Rxh7 Kc4 52. Rh3 d5 53. Rc3+ Kd4 54. Kf3 Ke5 55. Rc5 b4 56. axb4 Kd4 57. Kxf4 1-0

[Event "Scarborough CC Jack Frost U2000"]
[Site "Toronto CAN"]
[Date "2011.02.03"]
[Round "5"]
[White "Rutherdale, William"]
[Black "Cale, Ferdinand"]
[Result "0-1"]
[WhiteElo "1719"]
[BlackElo "1734"]
[PlyCount "77"]
[GameId "2160767909829693"]
[EventDate "2011.01.06"]
[EventType "swiss"]
[EventRounds "7"]
[EventCountry "CAN"]

1. d4 d5 2. c4 e6 3. Nc3 Bb4 4. Nf3 c6 5. cxd5 Qxd5 6. Bd2 Bxc3 7. Bxc3 a5 8. e3 Ne7 9. Bd3 O-O 10. e4 Qh5 11. O-O f5 12. Ne5 Qxd1 13. Rfxd1 Nd7 14. Nc4 b6 15. Rac1 Kh8 16. Nd6 Ba6 17. Bxa6 Rxa6 18. Bd2 c5 19. f3 Nc8 20. Nb5 e5 21. d5 f4 22. Bc3 Ne7 23. Kf2 Raa8 24. Nd6 Nc8 25. Nc4 Re8 26. a4 h5 27. d6 Na7 28. Rd5 Nc6 29. g3 fxg3+ 30. hxg3 Kh7 31. Re1 g5 32. f4 Nf6 33. d7 Re6 34. fxe5 Ng4+ 35. Kg1 Rd8 36. Rf1 Kg6 37. Rf5 Ne7 38. Rd6 Rxd6 39. exd6 0-1

[Event "Scarborough CC Jack Frost U2000"]
[Site "Toronto CAN"]
[Date "2011.02.03"]
[Round "5"]
[White "Sherman, Joshua"]
[Black "Stavropoulos, Greg"]
[Result "1/2-1/2"]
[WhiteElo "1933"]
[BlackElo "1926"]
[PlyCount "40"]
[GameId "2160767909829694"]
[EventDate "2011.01.06"]
[EventType "swiss"]
[EventRounds "7"]
[EventCountry "CAN"]

1. e4 c5 2. d4 cxd4 3. c3 d3 4. c4 Nc6 5. Bxd3 Nf6 6. Nf3 d6 7. h3 g6 8. Nc3 Bg7 9. O-O O-O 10. Bg5 b6 11. Rc1 Bb7 12. Qe2 h6 13. Be3 Rc8 14. Rfd1 Nd7 15. b3 Kh7 16. Bb1 Nc5 17. Nh2 Rc7 18. Nd5 Rd7 19. f4 e6 20. Nc3 Re8 1/2-1/2

[Event "Scarborough CC Jack Frost U2000"]
[Site "Toronto CAN"]
[Date "2011.02.03"]
[Round "5"]
[White "Song, Lin"]
[Black "Maister, Martin"]
[Result "1-0"]
[WhiteElo "1783"]
[BlackElo "1814"]
[PlyCount "75"]
[GameId "2160767909829695"]
[EventDate "2011.01.06"]
[EventType "swiss"]
[EventRounds "7"]
[EventCountry "CAN"]

1. e4 c5 2. Na3 Nc6 3. Bb5 g6 4. Bxc6 bxc6 5. f4 Bg7 6. Ne2 d6 7. d3 e6 8. Rb1 Ne7 9. O-O O-O 10. Nc4 f5 11. e5 d5 12. Nd2 g5 13. Nf3 gxf4 14. Nxf4 Qc7 15. Qe1 d4 16. Nh5 Nd5 17. c4 dxc3 18. bxc3 Qf7 19. Ng3 Bd7 20. Ba3 f4 21. Ne4 Ne3 22. Bxc5 Nxf1 23. Bxf8 Nxh2 24. Nxh2 Qxf8 25. Ng4 Be8 26. Ngf6+ Bxf6 27. Nxf6+ Kh8 28. Rb7 Bf7 29. Qh4 Qg7 30. Qxf4 Qg6 31. Qd4 Qg3 32. Rxf7 Qg7 33. Rxg7 Kxg7 34. Qd7+ Kh6 35. Qxh7+ Kg5 36. Ne4+ Kf4 37. Qh6+ Kxe5 38. Qg5# 1-0

[Event "Scarborough CC Jack Frost U2000"]
[Site "Toronto CAN"]
[Date "2011.02.03"]
[Round "5"]
[White "Spiliotopoulos, Yakos"]
[Black "Huston, Scott"]
[Result "1-0"]
[WhiteElo "1665"]
[BlackElo "1713"]
[PlyCount "67"]
[GameId "2160767909829696"]
[EventDate "2011.01.06"]
[EventType "swiss"]
[EventRounds "7"]
[EventCountry "CAN"]

1. e4 c5 2. Bc4 Nc6 3. f4 d6 4. Nf3 Nf6 5. Nc3 e6 6. e5 dxe5 7. fxe5 Nd5 8. O-O Be7 9. Ne4 a6 10. a3 Qc7 11. d3 Nxe5 12. Nxe5 Qxe5 13. Qe2 O-O 14. c3 Bd6 15. Qf3 Qxh2+ 16. Kf2 f5 17. Nxd6 Qxd6 18. Rh1 Bd7 19. Bg5 Nf6 20. Rh4 Bc6 21. Qh3 Ng4+ 22. Ke2 Qe5+ 23. Kd2 Nf2 24. Qe3 Qxe3+ 25. Bxe3 Ng4 26. Bxe6+ Kh8 27. Bxc5 Rf6 28. Bb3 Bxg2 29. Re1 Rc8 30. Bd4 Rh6 31. Rxh6 Nxh6 32. Re7 Rg8 33. Bxg8 Kxg8 34. Rxg7+ 1-0

[Event "Scarborough CC Jack Frost U2000"]
[Site "Toronto CAN"]
[Date "2011.02.03"]
[Round "5"]
[White "Ward, Dean"]
[Black "Mesiti, Silvano"]
[Result "1-0"]
[WhiteElo "1821"]
[BlackElo "1630"]
[PlyCount "87"]
[GameId "2160767909829697"]
[EventDate "2011.01.06"]
[EventType "swiss"]
[EventRounds "7"]
[EventCountry "CAN"]

1. d4 d5 2. c4 Nc6 3. e3 Nf6 4. Nc3 e6 5. Nf3 Bb4 6. a3 Bxc3+ 7. bxc3 Ne4 8. Bb2 O-O 9. cxd5 exd5 10. Bd3 Bg4 11. Qc2 Nf6 12. Ne5 Bc8 13. Nxc6 bxc6 14. O-O Qd6 15. f3 h6 16. a4 Re8 17. e4 Qd8 18. e5 Nd7 19. f4 a5 20. Qe2 Nb6 21. Qh5 Ba6 22. Bxa6 Rxa6 23. Rf3 Nc4 24. Bc1 f6 25. Rg3 Kh8 26. exf6 Re1+ 27. Kf2 Qe8 28. fxg7+ Kg8 29. Qxe8+ Rxe8 30. f5 c5 31. dxc5 Re7 32. Rd3 Kxg7 33. Rxd5 Ne5 34. h3 h5 35. Bg5 Re8 36. Re1 Nf7 37. Rxe8 Nxg5 38. g4 Nxh3+ 39. Kg3 hxg4 40. Kxg4 Nf2+ 41. Kg3 Nh1+ 42. Kg2 Rh6 43. Rd7+ Kf6 44. Re6+ 1-0

[Event "Scarborough CC Jack Frost U2000"]
[Site "Toronto CAN"]
[Date "2011.02.10"]
[Round "6"]
[White "Cale, Ferdinand"]
[Black "Moran-Venegas, Mario"]
[Result "0-1"]
[WhiteElo "1734"]
[BlackElo "1693"]
[PlyCount "116"]
[GameId "2160767909829698"]
[EventDate "2011.01.06"]
[EventType "swiss"]
[EventRounds "7"]
[EventCountry "CAN"]

1. e4 c5 2. c4 Nc6 3. Nc3 d6 4. Be2 Nf6 5. Nf3 g6 6. O-O Bg7 7. d3 O-O 8. Bd2 a6 9. Rb1 Ng4 10. Ne1 Nge5 11. f4 Nd7 12. Nc2 b5 13. b3 b4 14. Nd5 e6 15. Nde3 a5 16. Kh1 a4 17. Ne1 axb3 18. axb3 Nd4 19. Nf3 Nxe2 20. Qxe2 Ra2 21. Qd1 Bb7 22. f5 Ne5 23. Nxe5 Bxe5 24. Ng4 exf5 25. exf5 Qh4 26. Nxe5 dxe5 27. Ra1 Rfa8 28. Rxa2 Rxa2 29. fxg6 hxg6 30. Kg1 Qd4+ 31. Kh1 Qxd3 32. Rf2 Qxb3 33. Qf1 Qh3 34. Kg1 Qg4 35. h3 Qd4 36. Be1 Ra1 37. Kh2 f5 38. Qe2 Rc1 39. g4 f4 40. Rf1 Rxc4 41. Bf2 Qd5 42. Rg1 Rc1 43. Be1 Ba6 44. Qf2 Bd3 45. Rg2 Rc2 46. Qg1 Be2 47. Bf2 Bf3 48. Qb1 b3 49. Qa1 Bxg2 50. Qa7 Qb7 51. Qa4 Bc6 52. Qa5 Rxf2+ 53. Kg1 Rg2+ 54. Kf1 Bb5+ 55. Ke1 Re2+ 56. Kd1 Qd5+ 57. Kc1 b2+ 58. Kb1 Bd3# 0-1

[Event "Scarborough CC Jack Frost U2000"]
[Site "Toronto CAN"]
[Date "2011.02.10"]
[Round "6"]
[White "Maister, Martin"]
[Black "Sharpe, Michael"]
[Result "1-0"]
[WhiteElo "1814"]
[BlackElo "1700"]
[PlyCount "89"]
[GameId "2160767909829699"]
[EventDate "2011.01.06"]
[EventType "swiss"]
[EventRounds "7"]
[EventCountry "CAN"]

1. c4 e5 2. Nc3 Nc6 3. g3 g6 4. Bg2 Bg7 5. Nf3 Nf6 6. O-O d6 7. d4 exd4 8. Nxd4 Nxd4 9. Qxd4 Nh5 10. Qd3 O-O 11. h3 f5 12. f4 Nf6 13. Be3 Qe7 14. Bf2 Re8 15. Rad1 Ne4 16. Nxe4 fxe4 17. Qd5+ Kh8 18. Bd4 Bxd4+ 19. Qxd4+ Qg7 20. Qxg7+ Kxg7 21. Rd4 e3 22. g4 Rb8 23. Rfd1 b5 24. cxb5 Bd7 25. a4 Be6 26. Bc6 Re7 27. Re4 Kf6 28. Rxe3 h5 29. Bd5 Rbe8 30. Bc6 Rb8 31. gxh5 gxh5 32. Kf2 Bf5 33. Rxe7 Kxe7 34. h4 Rg8 35. Bf3 Bg4 36. Rd5 Bxf3 37. Kxf3 Rh8 38. Rg5 Rh7 39. e4 Kf7 40. Ke3 Kf6 41. Kd4 Ke6 42. b3 Kd7 43. Kd5 Rf7 44. f5 Ke7 45. Rxh5 1-0

[Event "Scarborough CC Jack Frost U2000"]
[Site "Toronto CAN"]
[Date "2011.02.10"]
[Round "6"]
[White "Mesiti, Silvano"]
[Black "Armstrong, Robert J"]
[Result "0-1"]
[WhiteElo "1630"]
[BlackElo "1819"]
[PlyCount "58"]
[GameId "2160767909829700"]
[EventDate "2011.01.06"]
[EventType "swiss"]
[EventRounds "7"]
[EventCountry "CAN"]

1. e4 g6 2. d4 Bg7 3. c3 d6 4. Nf3 Nf6 5. Nbd2 O-O 6. Be2 Nc6 7. O-O e5 8. d5 Ne7 9. Re1 h6 10. Qc2 Nd7 11. Nc4 f5 12. exf5 gxf5 13. Rd1 Nf6 14. Qb3 Nexd5 15. Ne3 c6 16. Nxd5 cxd5 17. c4 d4 18. Bd2 Kh8 19. Nh4 Qe8 20. Qg3 Kh7 21. Qa3 Qe7 22. Bb4 Ne4 23. Nf3 Be6 24. Rac1 b6 25. h3 Rg8 26. Kf1 Bf6 27. Ke1 Rxg2 28. Bf1 Rxf2 29. Bd3 Rxf3 0-1

[Event "Scarborough CC Jack Frost U2000"]
[Site "Toronto CAN"]
[Date "2011.02.10"]
[Round "6"]
[White "Posaratnanathan, Roy"]
[Black "Paterson, Jim"]
[Result "1/2-1/2"]
[WhiteElo "1716"]
[BlackElo "1868"]
[PlyCount "60"]
[GameId "2160767909829701"]
[EventDate "2011.01.06"]
[EventType "swiss"]
[EventRounds "7"]
[EventCountry "CAN"]

1. e4 Nc6 2. Nf3 e5 3. Bb5 a6 4. Bxc6 dxc6 5. O-O Bd6 6. h3 Nf6 7. d3 O-O 8. Bg5 h6 9. Bh4 c5 10. a4 b6 11. Nbd2 Be6 12. Nc4 Bxc4 13. dxc4 Qe7 14. Qe2 Qe6 15. Bxf6 Qxf6 16. Rfd1 Qe6 17. Qd3 g6 18. Qd5 Rfe8 19. Qxe6 Rxe6 20. Rd3 a5 21. Nd2 Rf8 22. Rd1 Kh7 23. Nb1 f5 24. Nc3 f4 25. f3 Kg7 26. Nb5 Rff6 27. Kf2 g5 28. Ke2 Kf7 29. R1d2 Rg6 30. Ke1 Rgf6 1/2-1/2

[Event "Scarborough CC Jack Frost U2000"]
[Site "Toronto CAN"]
[Date "2011.02.10"]
[Round "6"]
[White "Spiliotopoulos, Yakos"]
[Black "Sherman, Joshua"]
[Result "0-1"]
[WhiteElo "1665"]
[BlackElo "1933"]
[PlyCount "63"]
[GameId "2160767909829702"]
[EventDate "2011.01.06"]
[EventType "swiss"]
[EventRounds "7"]
[EventCountry "CAN"]

1. e4 c5 2. Nf3 d6 3. b3 Nf6 4. Nc3 Nc6 5. Bb2 a6 6. h3 b5 7. d3 e5 8. Qd2 Be7 9. g4 h5 10. g5 Nh7 11. h4 Bg4 12. Nh2 Be6 13. Be2 Nf8 14. Qd1 g6 15. f4 exf4 16. Nxb5 Rh7 17. Nc3 f6 18. gxf6 Bxf6 19. Nf3 Ne5 20. Kd2 Nxf3+ 21. Bxf3 Bxh4 22. Qe2 Bf6 23. e5 Bxe5 24. Bxa8 Qxa8 25. Rhf1 Bg4 26. Qe1 Re7 27. Qf2 Bd4 28. Qxf4 Be3+ 29. Qxe3 Rxe3 30. Kxe3 Qg2 31. Rg1 Qh2 32. Rh1 0-1

[Event "Scarborough CC Jack Frost U2000"]
[Site "Toronto CAN"]
[Date "2011.02.10"]
[Round "6"]
[White "Stavropoulos, Greg"]
[Black "Huston, Scott"]
[Result "0-1"]
[WhiteElo "1926"]
[BlackElo "1713"]
[PlyCount "102"]
[GameId "2160767909829703"]
[EventDate "2011.01.06"]
[EventType "swiss"]
[EventRounds "7"]
[EventCountry "CAN"]

1. c4 Nf6 2. Nf3 e6 3. g3 b6 4. Bg2 Bb7 5. O-O Be7 6. Nc3 d6 7. d4 Nbd7 8. Qc2 O-O 9. e4 Rc8 10. e5 Ne8 11. Ng5 Bxg5 12. Bxb7 Rb8 13. Be4 g6 14. Bxg5 Qxg5 15. f4 Qe7 16. Rf2 f5 17. Bf3 Ng7 18. Nb5 dxe5 19. Nxa7 exf4 20. Nc6 Qd6 21. Nxb8 fxg3 22. Rd2 gxh2+ 23. Kh1 Rxb8 24. Qc3 g5 25. Rxh2 g4 26. Bg2 Nf6 27. b4 Ngh5 28. Re1 Ng3+ 29. Kg1 Nfe4 30. Bxe4 Nxe4 31. c5 Qxh2+ 32. Kxh2 Nxc3 33. Rxe6 bxc5 34. bxc5 Nxa2 35. Kg3 Kf7 36. Rh6 Kg7 37. Rc6 Rb7 38. Kf4 Nc3 39. Re6 Rb4 40. Kxf5 Rxd4 41. Re7+ Kh6 42. Rxc7 g3 43. Rc6+ Kh5 44. Rd6 Rxd6 45. cxd6 g2 46. d7 g1=Q 47. d8=Q Qg4+ 48. Ke5 Qe4+ 49. Kd6 Qd5+ 50. Kc7 Qxd8+ 51. Kxd8 Kg4 0-1

[Event "Scarborough CC Jack Frost U2000"]
[Site "Toronto CAN"]
[Date "2011.02.10"]
[Round "6"]
[White "Ugodnikov, Arkadiy"]
[Black "Philip, Andrew"]
[Result "1-0"]
[WhiteElo "1891"]
[BlackElo "1605"]
[PlyCount "57"]
[GameId "2160767909829704"]
[EventDate "2011.01.06"]
[EventType "swiss"]
[EventRounds "7"]
[EventCountry "CAN"]

1. e4 d5 2. exd5 Qxd5 3. Nc3 Qd6 4. d4 Nf6 5. Nf3 c6 6. Be2 Bg4 7. h3 Bh5 8. g4 Bg6 9. Ne5 Nbd7 10. f4 e6 11. h4 Ne4 12. Bf3 Nxc3 13. bxc3 Nxe5 14. fxe5 Qc7 15. h5 Bxh5 16. Rxh5 O-O-O 17. Qd3 g6 18. Rh1 Bg7 19. Bg5 Rd7 20. Qc4 Bxe5 21. O-O-O Bf4+ 22. Kb1 Bxg5 23. Qa4 Kb8 24. Ka1 Qf4 25. Rhf1 Qc7 26. Rb1 Ka8 27. Rb3 Rd6 28. Rfb1 Rb8 29. Qxa7+ 1-0

[Event "Scarborough CC Jack Frost U2000"]
[Site "Toronto CAN"]
[Date "2011.02.10"]
[Round "6"]
[White "Verde, Pino"]
[Black "Rutherdale, William"]
[Result "1-0"]
[WhiteElo "1724"]
[BlackElo "1719"]
[PlyCount "91"]
[GameId "2160767909829705"]
[EventDate "2011.01.06"]
[EventType "swiss"]
[EventRounds "7"]
[EventCountry "CAN"]

1. Nf3 c5 2. b4 b6 3. Bb2 Nf6 4. g3 Bb7 5. Bg2 g6 6. O-O Bg7 7. b5 d6 8. d3 O-O 9. e4 Nbd7 10. Nbd2 a6 11. a4 axb5 12. axb5 Qc7 13. Nc4 e6 14. Nxd6 Qxd6 15. Rxa8 Rxa8 16. e5 Qc7 17. exf6 Nxf6 18. Be5 Qd7 19. Qb1 Ra5 20. c4 Qd8 21. Rd1 Qa8 22. Ne1 Bxg2 23. Nxg2 Ra4 24. Ne3 Qf3 25. h3 Qe2 26. Qc2 Qxc2 27. Nxc2 Nd7 28. Bxg7 Kxg7 29. f4 e5 30. Ne3 exf4 31. gxf4 f6 32. Kf2 g5 33. Rg1 Kg6 34. h4 h6 35. hxg5 hxg5 36. Kf3 Ra3 37. Ke4 Nf8 38. Nd5 Nd7 39. Ne7+ Kf7 40. Nf5 gxf4 41. Rg7+ Ke8 42. Nd6+ Kd8 43. d4 cxd4 44. Kd5 d3 45. Rg8+ Ke7 46. Re8# 1-0

[Event "Scarborough CC Jack Frost U2000"]
[Site "Toronto CAN"]
[Date "2011.02.10"]
[Round "6"]
[White "Zhang, John"]
[Black "Ward, Dean"]
[Result "0-1"]
[WhiteElo "1617"]
[BlackElo "1821"]
[PlyCount "119"]
[GameId "2160767909829706"]
[EventDate "2011.01.06"]
[EventType "swiss"]
[EventRounds "7"]
[EventCountry "CAN"]

1. e4 c5 2. Nf3 d6 3. d4 cxd4 4. Nxd4 Nf6 5. Nc3 g6 6. Be3 Bg7 7. f3 Nc6 8. Qd2 O-O 9. O-O-O Bd7 10. g4 a6 11. h4 h5 12. gxh5 Nxh5 13. Bh6 Bxd4 14. Bxf8 Qxf8 15. Bc4 Be5 16. Qg2 b5 17. Qxg6+ Ng7 18. Bb3 e6 19. Qg2 Nd4 20. h5 Kh7 21. Kb1 Nxb3 22. axb3 Ne8 23. Ne2 Qg7 24. Qxg7+ Bxg7 25. h6 Bf6 26. Ng3 Bc6 27. Nh5 Be7 28. Rdg1 Bf8 29. Ng7 Nf6 30. Kc1 Nd7 31. Rh4 Ne5 32. Nh5 Ng6 33. Nf6+ Kh8 34. Rhg4 Bxh6+ 35. Kb1 Kg7 36. Nh5+ Kf8 37. Rh1 Ke7 38. Ng3 Be3 39. Rh7 Rh8 40. Rxh8 Nxh8 41. Rg8 Ng6 42. Rc8 Kd7 43. Rg8 d5 44. Rg7 Ke7 45. Rh7 dxe4 46. fxe4 Bf2 47. Nh1 Be1 48. Rh2 Bxe4 49. Re2 Bxh1 50. Rxe1 Bd5 51. Kc1 f5 52. Kd2 Kf6 53. Ke3 Ne5 54. Kf4 Nc6 55. Re2 e5+ 56. Kg3 Nd4 57. Rh2 Kg5 58. Rh8 f4+ 59. Kf2 Nxc2 60. Re8 0-1

[Event "Scarborough CC Jack Frost U2000"]
[Site "Toronto CAN"]
[Date "2011.02.17"]
[Round "7"]
[White "Bellomo, Joe"]
[Black "Maister, Martin"]
[Result "1-0"]
[WhiteElo "1701"]
[BlackElo "1814"]
[PlyCount "97"]
[GameId "2160767909829707"]
[EventDate "2011.01.06"]
[EventType "swiss"]
[EventRounds "7"]
[EventCountry "CAN"]

1. e4 c5 2. Nf3 d6 3. d4 cxd4 4. Nxd4 Nf6 5. Nc3 a6 6. Be2 e5 7. Nb3 Be7 8. O-O Be6 9. f3 O-O 10. Be3 b5 11. Nd5 Bxd5 12. exd5 Nbd7 13. f4 exf4 14. Bxf4 Nb6 15. Bf3 Nc4 16. Qe1 Qb6+ 17. Kh1 Rfe8 18. Qc1 Nd7 19. c3 Nce5 20. Bxe5 Nxe5 21. Be4 Ng4 22. Nd4 Bf6 23. Qf4 Bxd4 24. Qxg4 Be5 25. Qf5 g6 26. Qxf7+ Kh8 27. Qf3 Rac8 28. Bd3 Bg7 29. Qh3 Kg8 30. Qd7 Qc7 31. Qh3 Qc5 32. Rad1 Qe3 33. Qg4 Rc7 34. h4 Rce7 35. Rf3 Qh6 36. Rdf1 Re1 37. g3 Rxf1+ 38. Rxf1 Qe3 39. Rf3 Qc1+ 40. Bf1 Qe1 41. Qd7 Qe4 42. Bg2 Qe7 43. Bh3 Qe1+ 44. Rf1 Qe5 45. Be6+ Rxe6 46. Qxe6+ Kh8 47. Qc8+ Qe8 48. Qxe8+ Bf8 49. Qxf8# 1-0

[Event "Scarborough CC Jack Frost U2000"]
[Site "Toronto CAN"]
[Date "2011.02.17"]
[Round "7"]
[White "Huston, Scott"]
[Black "Moran-Venegas, Mario"]
[Result "0-1"]
[WhiteElo "1713"]
[BlackElo "1693"]
[PlyCount "38"]
[GameId "2160767909829708"]
[EventDate "2011.01.06"]
[EventType "swiss"]
[EventRounds "7"]
[EventCountry "CAN"]

1. d4 Nf6 2. c4 g6 3. Nc3 d5 4. Nf3 Bg7 5. Bg5 O-O 6. Bxf6 exf6 7. Nxd5 Be6 8. e4 f5 9. Nc3 fxe4 10. Nxe4 Re8 11. Qc2 Bf5 12. Ne5 Qxd4 13. Bd3 Bxe4 14. Bxe4 Rxe5 15. f3 f5 16. Rd1 Qe3+ 17. Kf1 fxe4 18. Rd8+ Kf7 19. c5 Rxc5 0-1

[Event "Scarborough CC Jack Frost U2000"]
[Site "Toronto CAN"]
[Date "2011.02.17"]
[Round "7"]
[White "Manalo, Pepin"]
[Black "Rutherdale, William"]
[Result "1-0"]
[WhiteElo "1811"]
[BlackElo "1719"]
[PlyCount "41"]
[GameId "2160767909829709"]
[EventDate "2011.01.06"]
[EventType "swiss"]
[EventRounds "7"]
[EventCountry "CAN"]

1. e4 e5 2. Nf3 Nc6 3. Bb5 a6 4. Ba4 Nf6 5. d4 Nxd4 6. Nxd4 exd4 7. e5 Bb4+ 8. c3 dxc3 9. bxc3 Qe7 10. O-O Ng8 11. cxb4 Qxb4 12. Ba3 Qa5 13. Re1 b5 14. Bb3 Bb7 15. Bb2 Ne7 16. Nc3 O-O-O 17. Bxf7 Rhf8 18. e6 Qb4 19. Qe2 Qh4 20. exd7+ Kb8 21. Qxe7 1-0

[Event "Scarborough CC Jack Frost U2000"]
[Site "Toronto CAN"]
[Date "2011.02.17"]
[Round "7"]
[White "Paterson, Jim"]
[Black "Song, Lin"]
[Result "1/2-1/2"]
[WhiteElo "1868"]
[BlackElo "1783"]
[PlyCount "68"]
[GameId "2160767909829710"]
[EventDate "2011.01.06"]
[EventType "swiss"]
[EventRounds "7"]
[EventCountry "CAN"]

1. b4 e5 2. Bb2 d6 3. c4 Nf6 4. e3 Nc6 5. a3 a6 6. Nc3 Be6 7. Be2 Be7 8. d3 Qd7 9. Nf3 O-O 10. O-O h6 11. Qc2 Nh7 12. Rac1 f5 13. Nd5 Nf6 14. Nxe7+ Nxe7 15. d4 e4 16. Nd2 d5 17. Qb3 Kh8 18. cxd5 Nfxd5 19. Bc4 b5 20. Bxd5 Nxd5 21. Qc2 Rac8 22. Qc6 Qd6 23. Rc5 Ne7 24. Qxd6 cxd6 25. Rcc1 Rxc1 26. Rxc1 Rc8 27. Rxc8+ Nxc8 28. f3 Bd5 29. Kf2 Nb6 30. fxe4 fxe4 31. Kg3 Nc4 32. Nxc4 Bxc4 33. Kf4 Bd5 34. Bc3 Kg8 1/2-1/2

[Event "Scarborough CC Jack Frost U2000"]
[Site "Toronto CAN"]
[Date "2011.02.17"]
[Round "7"]
[White "Philip, Andrew"]
[Black "Armstrong, Robert J"]
[Result "1/2-1/2"]
[WhiteElo "1605"]
[BlackElo "1819"]
[PlyCount "75"]
[GameId "2160767909829711"]
[EventDate "2011.01.06"]
[EventType "swiss"]
[EventRounds "7"]
[EventCountry "CAN"]

1. d4 g6 2. c4 Bg7 3. Nc3 Nf6 4. e4 d6 5. Nge2 O-O 6. Ng3 Nc6 7. d5 Nb4 8. a3 Na6 9. Be2 e5 10. Be3 Nc5 11. b4 Ncd7 12. c5 dxc5 13. bxc5 c6 14. Qb3 Qa5 15. Qb4 Qd8 16. O-O Re8 17. Rac1 Bf8 18. Rfd1 cxd5 19. exd5 b6 20. d6 bxc5 21. Bxc5 Rb8 22. Qc4 Ba6 23. Qxa6 Nxc5 24. Qc4 Ne6 25. Nd5 Nd4 26. Nxf6+ Qxf6 27. Ne4 Qf4 28. f3 Rb2 29. Rxd4 exd4 30. Bd3 Qe3+ 31. Kh1 Reb8 32. d7 R8b3 33. d8=Q Rc3 34. Rxc3 Rb1+ 35. Bf1 dxc3 36. Qdc7 Rxf1+ 37. Qxf1 c2 38. Qa1 1/2-1/2

[Event "Scarborough CC Jack Frost U2000"]
[Site "Toronto CAN"]
[Date "2011.02.17"]
[Round "7"]
[White "Radpey, Abdolreza"]
[Black "Zhang, John"]
[Result "1-0"]
[WhiteElo "1620"]
[BlackElo "1617"]
[PlyCount "97"]
[GameId "2160767909829712"]
[EventDate "2011.01.06"]
[EventType "swiss"]
[EventRounds "7"]
[EventCountry "CAN"]

1. Nf3 Nf6 2. c4 g6 3. d4 Bg7 4. Nc3 O-O 5. e4 d6 6. Be2 e5 7. dxe5 dxe5 8. Nxe5 Qxd1+ 9. Bxd1 Nxe4 10. Nxe4 Bxe5 11. O-O Bf5 12. Ng3 Be6 13. Bh6 Bxb2 14. Rb1 Bg7 15. Bxg7 Kxg7 16. Rxb7 Bxc4 17. Re1 Bxa2 18. Rxc7 Na6 19. Rce7 Be6 20. Bf3 Kf6 21. Rb7 Rfb8 22. Ne4+ Kg7 23. Ng5 Nc5 24. Nxe6+ Nxe6 25. Rxe6 Rxb7 26. Bxb7 Rb8 27. Re7 Kf6 28. Rc7 a5 29. g4 Ke6 30. Ba6 Rb4 31. h3 Rf4 32. Rc5 a4 33. Ra5 Rb4 34. Kg2 Kd6 35. Bb5 a3 36. Be8 Ke7 37. Bc6 Kd6 38. Bd5 f6 39. Ba2 Rd4 40. Rxa3 Rd1 41. Bg8 h6 42. Kg3 g5 43. Bh7 Rg1+ 44. Kf3 Rh1 45. Ke2 Rc1 46. Be4 Ke5 47. Bf5 Rg1 48. Re3+ Kf4 49. Re4# 1-0

[Event "Scarborough CC Jack Frost U2000"]
[Site "Toronto CAN"]
[Date "2011.02.17"]
[Round "7"]
[White "Su, Stanley"]
[Black "Bao, Stephen"]
[Result "1-0"]
[WhiteElo "1788"]
[BlackElo "1771"]
[PlyCount "160"]
[GameId "2160767909829713"]
[EventDate "2011.01.06"]
[EventType "swiss"]
[EventRounds "7"]
[EventCountry "CAN"]

1. e4 c5 2. Na3 g6 3. g3 Bg7 4. Bg2 Nc6 5. Ne2 Nf6 6. f4 d6 7. O-O O-O 8. c3 Rb8 9. Nc4 Qc7 10. Ne3 b5 11. f5 Bb7 12. Nf4 Qd7 13. Bh3 g5 14. Nh5 Ne5 15. Nxf6+ Bxf6 16. d3 c4 17. d4 Nd3 18. Bg2 Bg7 19. Qh5 f6 20. d5 Qe8 21. Qe2 h5 22. h3 Bh6 23. Nc2 Kh7 24. g4 h4 25. Nd4 Nc5 26. Be3 a6 27. Nf3 Qc8 28. Bd2 Rh8 29. Rab1 Nd3 30. Rfd1 Qc7 31. Be3 Nc5 32. Nd2 Rhe8 33. Bf1 Nd7 34. Nf3 Rh8 35. Nd4 Qa5 36. Qc2 Ne5 37. Qf2 Nd7 38. Ra1 Ra8 39. Qc2 Ne5 40. Be2 Rhc8 41. Rdb1 Kg8 42. Bd2 Qb6 43. Kg2 Kf7 44. Be3 Qa5 45. Qd2 Rg8 46. Rc1 Rac8 47. Nc2 Rge8 48. Bd4 Qc7 49. Qe3 Nd7 50. Qf2 Rg8 51. Be3 Kg7 52. Nd4 Kh7 53. Ne6 Qa5 54. Nd4 Qc7 55. a4 bxa4 56. Rxa4 Ne5 57. Ne6 Qd7 58. Rca1 Rge8 59. Qf1 Ra8 60. Bxc4 Rec8 61. Bxa6 Rcb8 62. Bb5 Qc8 63. Rxa8 Rxa8 64. Rxa8 Qxa8 65. Bd4 Qa2 66. Qe2 Bc8 67. Bxe5 dxe5 68. b4 Qb3 69. Qd2 Qb1 70. Nc5 Bf8 71. Bd3 Qa1 72. Ne6 Bxe6 73. fxe6 Qa3 74. c4 Qa1 75. c5 Qd4 76. c6 Qb6 77. b5 Qc7 78. Qc2 Qb6 79. Qf2 Qc7 80. b6 Qb8 1-0